000 00770nam a22002537a 4500
008 131028b xxu||||| |||| 00| 0 eng d
020 _a0-19-280098-1
024 _cAvailalbe
037 _cAvailable
040 _aMBSTU LIBRARY
_dMBSTU LIBRARY
082 _222
_a503 OXF
100 _aOxford University Press.
245 _aOxford dictionary of computing science.
250 _a4th
260 _aNew York
_bOxford University Press.
_c1999
300 _a20 cm.
_b858 page
_f3
_g20 cm.
600 _2Dictionary of science.
650 _2Dictionary of science.
700 _aOxford University Press.
270 _aNew York
_bNew York
_dUSA
365 _b1079.00
_d1079.00
942 _2ddc
_cBK
999 _c749
_d749